Представление документа в формате MARC21

Поле Инд. ПП Название Значение
Тип записи a
Библиографический уровень m
001 Контрольный номер f2e63715-9151-4ffb-b37f-b6cf303633e0
005 Дата корректировки 20190710084654.5
008 Кодируемые данные 061010
020 a ISBN 5-7695-2648-3
c Цена, тираж 250.00
040 a Служба первич. каталог. НБ ТвГУ
041 0_ a Код языка текста rus
080 a Индекс УДК 159.922.7(075.8)
084 a Индекс другой классификации/Индекс ББК Ю98я73-1
090 x Авторский знак М 92
a Полочн. индекс Ю98
100 1_ a Автор Мухина Валерия Сергеевна
q Полное имя Мухина В. С.
245 10 a Заглавие Возрастная психология
b Продолж. заглавия Феноменология развития : учебник для студентов, обучающихся по педагогическим специальностям
250 a Основные сведения об издании 10-е изд., перераб. и доп.
260 0_ a Место издания Москва
b Издательство Academia
c Дата издания 2006
300 a Объем 606, [1] с.
440 _0 a Серия Высшее образование
504 a Библиография Библиогр.: с. 603-604 и в подстроч. примеч.
583 a Действие Получение впервые 374 09.10.2006
k Исполнитель действия Дар ООО "Книжный мир"
653 0_ a Ключевые слова Детская психология
a Ключевые слова Практическая диагностика детей
a Ключевые слова Психология развития ребенка
a Ключевые слова Учебники для вузов
888 a Бесплатные
901 t Тип документа m
952 c Вид литературы К ру
954 a Дата поступления на обработку 20061110